| 000 | 03075nam a2200337 a 4500 | ||
|---|---|---|---|
| 001 | eep9780857938619 | ||
| 003 | UtOrBLW | ||
| 005 | 20210215104228.0 | ||
| 006 | m o d | ||
| 007 | cr un||||||||| | ||
| 008 | 110428s2011 mauad ob 001 0 eng d | ||
| 010 | _a 2011928597 | ||
| 020 | _a9780857938619 (e-book) | ||
| 040 |
_aDLC _cDLC _dUtOrBLW |
||
| 043 | _ad------ | ||
| 050 | 4 |
_aHD9674.D44 _bI58 2011 |
|
| 245 | 0 | 0 |
_aIntellectual property, pharmaceuticals and public health _h[electronic resource] : _baccess to drugs in developing countries / _cedited by Kenneth C. Shadlen ... [et al.]. |
| 260 |
_aNorthampton, Mass. : _bEdward Elgar, _c2011. |
||
| 300 |
_a1 online resource (xi, 338 p.) : _bill. |
||
| 504 | _aIncludes bibliographical references and index. | ||
| 505 | 0 | _a1. Globalization, intellectual property rights, and pharmaceuticals : meeting the challenges to addressing health gaps in the new international environment / Kenneth C. Shadlen ... [et al.] -- 2. Pharmaceutical production and access to essential medicines in South Africa / Heinz Klug -- 3. Intellectual property and access to medicines : paradoxes in Moroccan policy / Gaëlle Krikorian -- 4. The invisible threat : trade, intellectual property, and pharmaceutical regulations in Colombia / Tatiana Andia -- 5. The challenges of constructing pharmaceutical capabilities and promoting access to medicines in Mexico under TRIPS / Alenka Guzmán -- 6. Corporate power and state resistance : Brazil's use of TRIPS flexibilities for its National AIDS Program / Matthew Flynn -- 7. The politics of patents and drugs in Brazil and Mexico : the industrial bases of health policies / Kenneth C. Shadlen -- 8. Pharmaceutical patent policy in developing countries : learning from the Canadian experience / Jean-Frédéric Morin and Mélanie Bourassa Forcier -- 9. Access to Indian generic drugs : emerging issues / N. Lalitha -- 10. Sufficient but expensive drugs : a double-track system that facilitated supply capability in China / Mariko Watanabe and Luwen Shi -- 11. Access to essential drugs in Thailand : intellectual property rights and other institutional matters affecting public health in a developing country / Samira Guennif -- 12. The TRIPS agreement and health innovation in Bangladesh / Padmashree Gehl Sampath. | |
| 520 | _aThis up-to-date book examines pharmaceutical development, access to medicines, and the protection of public health in the context of two fundamental changes that the global political economy has undergone since the 1970s, the globalization of trade and production and the increased harmonization of national regulations on intellectual property rights. | ||
| 650 | 0 |
_aPharmaceutical industry _zDeveloping countries. |
|
| 650 | 0 |
_aPharmaceutical services _zDeveloping countries. |
|
| 650 | 0 |
_aPublic health _zDeveloping countries. |
|
| 655 | 7 |
_aElectronic books. _2lcsh |
|
| 700 | 1 | _aShadlen, Kenneth C. | |
| 710 | 2 | _aEdward Elgar Publishing. | |
| 776 | 1 | _z9781849800143 (hardback) | |
| 856 | 4 | 0 | _uhttps://www.elgaronline.com/view/9781849800143.xml |
| 999 |
_c29037 _d29037 |
||